Mengenal diri [

Bibliographic Details
Main Author: Sobri Abdul Rahman
Format: Book
Published: Bangi : Inspen , 1995
Subjects:

MARC

LEADER 00000cam a2200000 7i4500
001 0000017367
005 20061129.0
040 |a INS 
090 0 0 |a BP175 
100 0 |a Sobri Abdul Rahman 
245 0 0 |a Mengenal diri [  |h video recording]   |c Ustaz Sobri Abdul Rahman 
260 |a Bangi :   |b Inspen ,   |c 1995 
300 |a 1 Video cassette(VHS) (1:46) :   |b sd.,col. ;   |c 1/2 in. 
650 0 0 |a Islam   |x Rituals 
999 |a VHS582   |b VIDEO   |c Media Collection   |e Default branch